000 00489nam a2200157Ia 4500
003 LK-CoDNM
008 010623t1998 xxu||||| |||| 00| 1 sin d
040 _aLK-CoDNM
_dLK-CoDNM
_eLK-CoDNM
041 _asin
080 _a294.3 TRI
245 _aබුදුදහමේ අධ්‍යාත්මය (නිබ්බේධිික සුත්‍රය)
246 _aBudu Dahame Adyathmaya (Nibbedhika Suthraya)
260 _bSrideevi
_c1998
300 _b82p., 21 cm
942 _cBK
999 _c119031
_d119031